| 000 | 01289nam a2200241Ia 4500 | ||
|---|---|---|---|
| 999 |
_c41330 _d41330 |
||
| 001 | 7988 | ||
| 003 | GE_BSU | ||
| 005 | 20221004145452.0 | ||
| 008 | 181216s2013ge xx |||||||||||||| ||geo|| | ||
| 020 | _a9789941220647 | ||
| 040 | _cGE_BSU | ||
| 041 | _ageo | ||
| 080 | _a821.353.1(092) ჩ-55 | ||
| 245 |
_aჩვენი დავით მაჭავარიანი : _bხსოვნის წიგნი / _cრედ. შემდგ. ჟუჟუნა ფეიქრიშვილი; სარედ. კოლეგია: თემურ ამყოლაძე, [და სხვ.]. |
||
| 264 |
_aთბილისი: _bუნივერსალი, _c2013. |
||
| 300 |
_a108 გვ.: _b ილ. _c19 სმ, |
||
| 653 | _aჩვენი დავით მაჭავარიანი | ||
| 653 | _aქართველი ენათმეცნიერები | ||
| 653 | _aზოგადი ენათმეცნიერება ბიბლიოგრაფია | ||
| 700 |
_aფეიქრიშვილი, ჟუჟუნა _eრედაქტორ - შემდგენელი _94824 |
||
| 700 |
_aამყოლაძე, თემურ _eსარედაქციო კოლეგია _915026 |
||
| 942 |
_cBK _2udc |
||